Southville International School and Colleges
Your cart is empty.
  • Cart
  • Lists
    Public lists Eva Luna New books Lux_list list_1
    Your lists Log in to create your own lists
  • Log in to your account
  • Your cookies
  • Search history
Southville International School and Colleges
  • Advanced search
  • Recent comments
  • Most popular
  • Libraries

Log in to your account

Log in with GOOGLE


If you do not have an external account, but do have a local account, you can still log in:

  1. Home
  2. MARC view: Long Live the Philippines! / Mabuhay ang Pilipinas! /
Normal view MARC view ISBD view

Long Live the Philippines! / Mabuhay ang Pilipinas! / (Record no. 292801)

[ view plain ]
MARC details
000 -LEADER
fixed length control field 00438nam a2200145Ia 4500
008 - FIXED-LENGTH DATA ELEMENTS--GENERAL INFORMATION
fixed length control field 160319s9999 xx 000 0 und d
245 ## - TITLE STATEMENT
Title Long Live the Philippines! / Mabuhay ang Pilipinas! /
245 ## - TITLE STATEMENT
Statement of responsibility, etc Ivory Music.
260 ## - PUBLICATION, DISTRIBUTION, ETC. (IMPRINT)
Name of publisher, distributor, etc Ivory Music and Video.
300 ## - PHYSICAL DESCRIPTION
Extent 1 sound disc :
300 ## - PHYSICAL DESCRIPTION
Other physical details digital :
300 ## - PHYSICAL DESCRIPTION
Dimensions 4 3/4 in.
500 ## - GENERAL NOTE
General note "The official album of the Philippine Centennial 1898-1998."
650 ## - SUBJECT ADDED ENTRY--TOPICAL TERM
Topical term or geographic name as entry element Philippines.
Holdings
Withdrawn status Lost status Damaged status Home library Current library Date acquired Total Checkouts Barcode Date last seen Price effective from Koha item type
      Stonyhurst Southville International School (Batangas) Stonyhurst Southville International School (Batangas) 03/19/2016   AV-404 03/19/2016 03/19/2016 Audio Visual Materials

Long Live the Philippines! / Mabuhay ang Pilipinas! /

APA

Long Live the Philippines! / Mabuhay ang Pilipinas!. : Ivory Music and Video.

Chicago

Long Live the Philippines! / Mabuhay ang Pilipinas!. : Ivory Music and Video.

Harvard

Long Live the Philippines! / Mabuhay ang Pilipinas!. : Ivory Music and Video.

MLA

: Ivory Music and Video. .

  • Place hold
  • Print
  • Cite
  • Add to your cart (remove)
  • Save record
    BIBTEX Dublin Core MARCXML MARC (non-Unicode/MARC-8) MARC (Unicode/UTF-8) MARC (Unicode/UTF-8, Standard) MODS (XML) RIS
  • More searches
    Search for this title in:
    Other Libraries (WorldCat) Other Databases (Google Scholar) Online Stores (Bookfinder.com) Open Library (openlibrary.org)

Exporting to Dublin Core...

SOUTHVILLE LIBRARY

Southville International School and Colleges Library

1281 Tropical Ave. Cor. Luxembourg St., BF Homes International, Las Pinas City

Tel. No. 8256374 / 252358 Loc. 117/146

Powered by Koha